Grietas en el paisaje : (Registro nro. 58390)

Detalles MARC
000 -CABECERA
Longitud fija campo de control 02697nam a2200421 i 4500
003 - • IDENTIFICADOR DELl NÚMERO DE CONTROL
Identificador del número de control CO-BoRNBP
005 - • FECHA Y HORA DE LA ÚLTIMA TRANSACCIÓN
Fecha y hora de la última transacción 20250822135300.0
007 - • CAMPO FIJO DE DESCRIPCIÓN FÍSICA
Campo fijo de descripción física ta
008 - • CÓDIGOS DE INFORMACIÓN DE LONGITUD FIJA
Códigos de información de longitud fija 250217s2025 ck gr 000 fdspa
020 ## - • NÚMERO INTERNACIONAL NORMALIZADO PARA LIBROS
Número Internacional Normalizado para Libros (ISBN) 9789587536591
020 ## - • NÚMERO INTERNACIONAL NORMALIZADO PARA LIBROS
Número Internacional Normalizado para Libros (ISBN) 9789587534245
Información calificativa (obra completa)
040 ## - FUENTE DE LA CATALOGACIÓN
Centro catalogador de origen CO-BoRNBP
Lengua de catalogación spa
Normas de descripción rda
Centro transcriptor CO-BoRNBP
041 1# - • CÓDIGO DE LENGUA
Código de lengua del texto/banda sonora o título independiente spa
Código de lengua original fre
043 ## - CÓDIGO DE ÁREA GEOGRÁFICA
Código de área geográfica s-ck---
084 ## - • Clasificación Local Alfanúmerica PNLB
Número de clasificación N
100 1# - • PUNTO DE ACCESO PRINCIPAL-NOMBRE DE PERSONA
Nombre de persona Dávila de Ponce de León, Waldina,
Fechas asociadas al nombre 1823-1900,
Término indicativo de función aut
245 10 - • TITULO PROPIAMENTE DICHO
Título Grietas en el paisaje :
Resto del título antología de novela corta /
Mención de responsabilidad, etc. Waldina Dávila de Ponce de León [y otros cuatro] ; prólogo de Andrea Mejía ; traducción del francés, Natalia Garzón Martínez.
250 ## - • MENCIÓN DE EDICIÓN
Mención de edición Primera edición
264 #1 - PRODUCCIÓN, PUBLICACIÓN , DISTRIBUCIÓN, FABRICACIÓN Y COPYRIGHT
Lugar de producción, publicación, distribución, fabricación Bogotá, Colombia :
Nombre del productor, editor, distribuidor, fabricante Ministerio de las Culturas, las Artes y los Saberes :
-- Biblioteca Nacional de Colombia,
Fecha de de producción, publicación, distribución, fabricación o copyright 2025.
300 ## - • DESCRIPCIÓN FÍSICA
Extensión 464 páginas ;
Dimensiones 21 cm.
336 ## - TIPO DE CONTENIDO
Término de tipo de contenido texto
Código de tipo de contenido txt
Fuente rdacontenido
337 ## - TIPO DE MEDIO
Nombre del tipo de medio sin mediación
Código del tipo de medio n
Fuente rdamedio
338 ## - TIPO DE SOPORTE
Nombre del tipo de soporte volumen
Código del tipo de soporte nc
Fuente rdasoporte
490 0# - • MENCIÓN DE SERIE
Mención de serie Biblioteca de escritoras colombianas. Segunda entrega ;
Designación de volumen o secuencia 3
500 ## - • NOTA GENERAL
Nota general Incluye datos biográficos de las autoras.
520 3# - • NOTA DE RESUMEN
Resumen, etc, "Las novelas contenidas en este volumen aparecieron entre 1892 y 2012. Las primeras tienen formas clásicas y se enmarcan en el romanticismo. A medida que avanza el siglo XX se vuelven cada vez más experimentales, intimistas, sociales o psicológicas. La muerte es uno de los temas comunes: dolorosa siempre; invencible en unas; una extraña aliada en otras. Destacan los personajes de escritoras. Para ellas, la escritura es una fisura por donde pueden escapar del mundo y penetrar el misterio de las conciencias propias y ajenas. También figura el personaje de una adivina, que con su esfera de cristal y poderes clarividentes hace lo mismo que las escritoras: ver más allá que lxs otrxs. Se encuentran, además, fantasmas, seres andróginos, sin sexo, que a voluntad cambian de género o que por sus costumbres u orientación sexual desafían la norma. Cinco novelas, en suma, como grietas en el paisaje." -- Tomado de la fuente.
650 17 - • PUNTO DE ACCESO ADICIONAL DE MATERIA - TÉRMINO DE MATERIA
Término de materia o nombre geográfico como elemento inicial Novela colombiana
Subdivisión cronológica Siglos XIX-XX
Subdivisión de forma Colecciones
Fuente del encabezamiento o término ARMARC
650 17 - • PUNTO DE ACCESO ADICIONAL DE MATERIA - TÉRMINO DE MATERIA
Término de materia o nombre geográfico como elemento inicial Literatura colombiana
Subdivisión cronológica Siglos XIX-XX
Subdivisión de forma Colecciones
Fuente del encabezamiento o término ARMARC
650 17 - • PUNTO DE ACCESO ADICIONAL DE MATERIA - TÉRMINO DE MATERIA
Término de materia o nombre geográfico como elemento inicial Autoras colombianas
Subdivisión cronológica Siglos XIX-XX
Subdivisión de forma Colecciones
Fuente del encabezamiento o término ARMARC
700 1# - • PUNTO DE ACCESO ADICIONAL - NOMBRE DE PERSONA
Nombre de persona Mejía, Andrea,
Término indicativo de función wfw
700 1# - • PUNTO DE ACCESO ADICIONAL - NOMBRE DE PERSONA
Nombre de persona Garzón Martínez, Natalia,
Término indicativo de función trl
700 1# - • PUNTO DE ACCESO ADICIONAL - NOMBRE DE PERSONA
Nombre de persona Gómez Jaime de Abadía, Herminia,
Fechas asociadas al nombre 1861-1926,
Término indicativo de función aut
700 1# - • PUNTO DE ACCESO ADICIONAL - NOMBRE DE PERSONA
Nombre de persona Uribe de Estrada, María Helena,
Fechas asociadas al nombre 1928-2015,
Término indicativo de función aut
700 1# - • PUNTO DE ACCESO ADICIONAL - NOMBRE DE PERSONA
Nombre de persona Iriarte, Helena,
Fechas asociadas al nombre 1937- ,
Término indicativo de función aut
700 1# - • PUNTO DE ACCESO ADICIONAL - NOMBRE DE PERSONA
Nombre de persona Moreno, Marvel,
Fechas asociadas al nombre 1939-1955,
Término indicativo de función aut
942 ## - ENTRADA DE ELEMENTOS AGREGADOS (KOHA)
Koha [por defecto] tipo de item Libro Literatura
Suppress in OPAC 0
Fuente de clasificaión o esquema Dewey Decimal Classification
Existencias
Perdido Fuente de clasificación o esquema Estado Físico No para préstamo Forma de adquisición Localización permanente Localización actual Localización en estanterías Fecha adquisición Préstamos totales Signatura completa Código de barras Fecha última consulta Número de copia Fecha del precio de reemplazo Tipo de item de Koha
  Dewey Decimal Classification     Ref Biblioteca de Escritoras Colombianas Biblioteca Pública San Carlos de Guaroa - Eduardo Carranza Biblioteca Pública San Carlos de Guaroa - Eduardo Carranza Literatura 01/22/2026   N SG04287 01/22/2026 Ej.1 01/22/2026 Libro Literatura
  Dewey Decimal Classification     Colección General Biblioteca Pública Mapiripan Biblioteca Pública Mapiripan Literatura 08/22/2025   N MAP00004434 08/22/2025 Ej.1 08/22/2025 Libro Literatura
  Dewey Decimal Classification     Colección General Biblioteca Pública Puerto Concordia Biblioteca Pública Puerto Concordia General 01/21/2026   N PCON00254 01/21/2026 Ej.1 01/21/2026 Libro Literatura









Instituto Departamental de Cultura del Meta - Red Departamental de Bibliotecas Públicas del Meta.